=LDR 00000nam 2200000 4500 =001 000134 =020 $9786026587725 =082 $741.500 =100 $Anee Rahman =245 $Hari minggu bersama ibu =264 $Jakarta: Bee Media Pustaka 2019 =300 $28 halaman; 20 cm. =650 $Gambar =905 $741.5 ANE h =336 $$a =337 $$a =338 $$a =005 20260702151432.0 =008 260702s2026\\\\\\\\\\\\\\\\\\\\\\\\\\\\\\\\\\\\\\\\\